Регионална библиотека "Любен Каравелов" - Русе

Домашна техника и икономика за V клас (Запис номер 90456)

MARC детайли
000 -Лидер
Контролно поле с фиксирана дължина 02210nam a2200385 c 4500
003 - Код на организацията, давaща контролен номер
Контролно поле BLK
005 - Дата и час на последна редакция
Контролно поле 20180422104619.0
008 - Елементи от данни с фиксирана дължина
fixed length control field 180408b bul|||||r ||||||| ||bul||
010 ## - Наследен системен номер
LC control number KNG00095198000
020 ## - Международен стандартен номер на книга ISBN
Международен стандартен номер на книга ISBN 954-9412-08-3
-- издат.: Бит и техника
020 ## - Международен стандартен номер на книга ISBN
Международен стандартен номер на книга ISBN 978-954-9412-08-6
-- издат.: Бит и техника
040 ## - Източник на каталожния запис
Идентификатор на билиотеката - собственик на записа BLK
041 ## - Код за език
Код за езика на текст/звукозапис или на отделно заглавие Български
Код за езика КДБФ Български
080 ## - УДК
Текстов определител УДК Специално обучение като елемент на общообразователното обучение - Обучение по техника, домакинство, селско стопанство и др.
УДК код - определител по УДК 373.6
УДК определител (075.2)
УДК - код + определител 373.6(075.2)
100 1# - Редна дума - Автор
Автор Николова, Тодорка Николова
Авторска отговорност първи автор
R(LIN) 364727
139 ## - Редно поле
Редна дума Домашна техника и икономика за V клас
Авторски знак Дом - Д 76
245 10 - Сведения за заглавието
Заглавие Домашна техника и икономика за V клас
Редно поле (дума) Тодорка Николова Николова; * Силвия Маркова Гърневска; * Светла Костова Ананиева; * Валентин Георгиев Ананиев.
257 ## - Страна на издаване
Страна на създаване/издаване България
260 ## - Област на издателските данни
-- Варна
Име на издателя, разпространителя и проч. Бит и техника
Година на издаване 2006
Печатница Варна : Хеликс Прес
300 ## - Физическа характеристика
Страници 92 с.
Илюстрации и др. с цв. ил., табл.
Размери/Мащаб 29 см
380 ## - Жанр
Жанр Обществени науки
500 ## - Общи забележки
Забележка Други авт.: С. М. Гърневска, Св. К. Ананиева, В. Г. Ананиев. - Съдържа и Отговори. - Одобрен със заповед РД 09-638/19.07.2006 на МОН. - Офс. изд.
650 #4 - Допълнително описание по предмет – тема
Основно описание – тема или топоним Трудово обучение - учебници за основни училища
9 (RLIN) 246771
653 ## - Ключова дума – ненормативна
Ключова дума трудово обучение
653 ## - Ключова дума – ненормативна
Ключова дума учебници за основни училища
653 ## - Ключова дума – ненормативна
Ключова дума V кл.
700 1# - Други автори (авторска отговорност)
Лично име Гърневска, Силвия Маркова
Автороска отговорност (Описва отношението между автора и произведението) *
9 (RLIN) 303701
700 1# - Други автори (авторска отговорност)
Лично име Ананиева, Светла Костова
Автороска отговорност (Описва отношението между автора и произведението) *
9 (RLIN) 373498
700 1# - Други автори (авторска отговорност)
Лично име Ананиев, Валентин Георгиев
Автороска отговорност (Описва отношението между автора и произведението) *
9 (RLIN) 373497
852 ## - Местоположение
Форматна сигнатура Цб ІІ 16154
856 4# - Електронен адрес и достъп
Електронен формат pdf - файл
Път до файла /url/
856 4# - Електронен адрес и достъп
Електронен формат pdf - файл
Път до файла /url/
942 ## - АРТИКУЛИ
Вид на библиотечния материал Книги
Скрит в OPAC Не
944 ## - СЪЗДАВАНЕ И РЕДАКЦИЯ на ЗАПИСА
Създаване/Редакция Създаване
Дата на регистрацията/редакция 08.04.2010
Статус, дата на статуса ф /
Служител, извършил регистрацията/редакцията Виолета_Тройчева
944 ## - СЪЗДАВАНЕ И РЕДАКЦИЯ на ЗАПИСА
Създаване/Редакция Редакция
Дата на регистрацията/редакция 09.06.2016
Статус, дата на статуса ф /
Служител, извършил регистрацията/редакцията Людмила_Стоянова
999 ## - СИСТЕМНИ КОНТРОЛНИ НОМЕРА
Koha biblionumber 90456
Koha biblioitemnumber 90456
Наличности
Код за отписване Код за изгубен артикул Код за повреда Коз за рестрикции Код за отдаване Артикулен № Име на библиотеката - собственик Име на библиотеката, в която се намира в момента Статус (Текущо местоположение) Дата на вписване в системата Местоположение - отдел Цена в лева Инвентарен номер Систематично азбучна сигнатура Баркод Номер на екземпляра Цена в евро Служебна бележка Служебен тип на артикула Източник на класификационната схема
  Не е изгубен Не е повреден без рестрикции ползва се в читалня 146245 Регионална библиотека "Любен Каравелов" Русе Регионална библиотека "Любен Каравелов" Русе Хранилище 2010-04-06 Хранилище 0.00 120000743281 Цб ІІ 16154 120000743281 1 0.00 Дост: Dp Вид: Д N: 37 Дата: 02.09.2009 Книги  
Изтеглен Не е изгубен Не е повреден без рестрикции заемане за дома 146246 Регионална библиотека "Любен Каравелов" Русе Регионална библиотека "Любен Каравелов" Русе Детски отдел 2011-01-28 Детски отдел 7.80 120000748850 ДН 373.6/Д 76 120000748850 2 3.99 Дост: DA Вид: А N: 1 Дата: 28.01.2011 Дата инв: 24.08.2015 Бележки инв: Д2015 Книги Universal Decimal Classification
  Не е изгубен Не е повреден без рестрикции заемане за дома 146247 Регионална библиотека "Любен Каравелов" Русе Регионална библиотека "Любен Каравелов" Русе Детски отдел 2016-03-23 Детски отдел 7.80 120000799119 ДН 373.3.016/Д 76 120000799119 3 3.99 Дост: DA Вид: А N: 12 Дата: 23.03.2016 Книги Universal Decimal Classification
Vip Innovations Ltd, Rousse, Bulgaria 2025